LEADER 00885nam0-2200265 --450 001 9910987176803321 005 20250401115024.0 010 $a978-88-291-1171-8 100 $a20250401d2024----kmuy0itay5050 ba 101 0 $aita 102 $aIT 105 $a 001yy 200 1 $aUso legittimo delle armi e degli altri mezzi di coazione fisica nelle dinamiche d'intervento dell'operazione di polizia$fArmando, Albano 205 $a2. ed. 210 $aPiacenza$cLa Tribuna$d2024 215 $a562 p.$d24 cm 676 $a345$v23$zita 700 1$aAlbano,$bArmando$01712194 801 0$aIT$bUNINA$gREICAT$2UNIMARC 901 $aBK 912 $a9910987176803321 952 $aXII F 888$b2025/224$fFGBC 959 $aFGBC 996 $aUso legittimo delle armi e degli altri mezzi di coazione fisica nelle dinamiche d'intervento dell'operazione di polizia$94344949 997 $aUNINA LEADER 01621nas 2200493-a 450 001 9910143804403321 005 20260218110936.0 011 $a1581-1026 035 $a(DE-599)ZDB2129047-7 035 $a(CKB)991042723491320 035 $a(CONSER)---00238011- 035 $a(DE-599)2129047-7 035 $a(EXLCZ)99991042723491320 100 $a20000201a199u9999 --- - 101 0 $aeng 181 $ctxt$2rdacontent 182 $cc$2rdamedia 183 $acr$2rdacarrier 200 10$aSlovenian economic mirror 210 $a[Ljubljana] $cInstitute of Macroeconomic Analysis and Development 215 $a1 online resource 300 $aRefereed/Peer-reviewed 311 08$aPrint version: Ekonomsko ogledalo. 1318-3826 (DLC) 00238011 (OCoLC)43375143 517 3 $aEconomic mirror 606 $aEconomic history$2fast$3(OCoLC)fst00901974 606 $aEconomische situatie$2gtt 606 $aWirtschaftsstatistik$2stw 606 $aWirtschaftslage$2stw 606 $aSlowenien$2stw 607 $aSlovenia$xEconomic conditions$vPeriodicals 607 $aSlovenia$2fast$1https://id.oclc.org/worldcat/entity/E39PBJm4PB4qggMDvbW3fqhvHC 608 $aPeriodicals.$2fast 608 $aPeriodicals.$2lcgft 615 7$aEconomic history. 615 17$aEconomische situatie. 615 7$aWirtschaftsstatistik. 615 7$aWirtschaftslage. 615 7$aSlowenien. 712 02$aSlovenia.$bUrad za makroekonomske analize in razvoj. 906 $aJOURNAL 912 $a9910143804403321 920 $aexl_impl conversion 996 $aSlovenian economic mirror$91931720 997 $aUNINA